000 00528nam a22001937a 4500
005 20180824141050.0
010 _aENG-123760
020 _a9789385289040
_c100.00
035 _aEN-107292
037 _bDBAD/PUB
082 _a181.46
100 _aVivekananda
245 _aKarma yoga /
_cby Vivekananda
250 _areprint
260 _aNew Delhi
_bSolar Books
_c2017
270 _a4239A/1, Veer Sadan, Ansari Road, Daryaganj,
_bNew Delhi
_e110002
300 v _a104p.
_c21cm(Hb)
_bill.
942 _2ddc
_cEN
_m181.46
_hVIV
999 _c156278
_d156278